LEADER 01316nam a2200301 i 4500 001 000000156520 003 CaOOAMICUS 005 20061206000000.0 008 061206s1998 it u000 u ita u 013 $a133875 020 $a88-238-0429-9 040 $aSeMil$bita 100 1 $aFiorentini, Giorgio.$0(OLS)http://semarc/name/61152 245 13$aLa Chiesa come azienda non profit :$bgestione e marketing /$cGiorgio Fiorentini, Sergio Slavazza. 260 $aMilano :$bEgea,$ccopyr. 1998. 300 $a277 p. :$bill. ;$c24 cm. 490 0 $aOltre i confini ;$v3 500 $aContiene : Riferimenti bibliografici. 650 4$aChiesa - Azienda - Organizzazione.$0(OLS)http://semarc/subject/30625 650 4$aIstituzioni religiose - Gestione.$0(OLS)http://semarc/subject/30626 700 1 $aSlavazza, Sergio.$0(OLS)http://semarc/name/3891 830 0$aOltre i confini ;$v3.$0(OLS)http://semarc/title/22425 850 $aSeMil 852 $aSeMil$W1$xVenegono$y1$m3M IV 67$j108283$B108283$CSeMilBibl$Z2$F121171 $81 961 $aOmaggio: Parolari don Enrico 996 $6020$a88-238-0429-9$9(OLS)http://semarc/number/146685 996 $6245$aLa Chiesa come azienda non profit :$bgestione e marketing$9(OLS)http://semarc/title/229424 996 $6260$aMilano :$bEgea$9(OLS)http://semarc/publisher/33883 LEADER 00759nam a2200205 i 4500 001 000000088197 003 CaOOAMICUS 005 20030731000000.0 008 030731s1953 xx u000 u und u 013 $a60437 040 $aSeMil$bita 100 1 $aSelvaggi, Filippo,$c.$0(OLS)http://semarc/name/33546 245 10$aFilosofia delle scienze. 260 $aRoma :$bCiviltà Cattolica,$c1953. 300 $a348 p. 650 4$aFilosofia della scienza.$0(OLS)http://semarc/subject/4333 850 $aSeMil 852 $aSeMil$W1$xVenegono$y1$m120 9 2 *$j51549$B51549$CSeMilBibl$Z2$F55796 $81 996 $6245$aFilosofia delle scienze$9(OLS)http://semarc/title/116602 996 $6260$aRoma :$bCiviltà Cattolica$9(OLS)http://semarc/publisher/31487